000
00297nam a22001217a 4500
008
180912b xxu||||| |||| 00| 0 eng d
041
_a
eng
080
_a
591
100
_a
7
101
_a
ZOO
245
_a
Fundamental and Applied Aspects of Invertebrate Pathology
_c
Samson, R.A
942
_2
udc
_c
BK
999
_c
47707
_d
47707